000 00803nam a2200229 i 4500
001 171907
003 ES-MaACL
005 20251003195511.0
008 090608s1983 sp |||| | spa d
017 _aM 19074-1983
020 _a84-220-1103-4
100 1 _aGonzález Martín, Marcelo,
_d1918-2004
_9140601
245 1 0 _aEnrique de Ossó
_b: la fuerza del sacerdocio /
_cpor Marcelo González Martín.
260 _aMadrid :
_bLa Editorial Católica,
_c1983.
300 _aXLI, 486 p., 1 h. ;
_c20 cm.
490 1 _aBiblioteca de autores cristianos ;
_v440
504 _aBibliografía : p. [XXXV]-XLI.
600 1 7 _aEnrique de Ossó,
_cSanto
_2
_9140532
830 0 0 _aBiblioteca de autores cristianos
_v440
_9178679
852 _aES-MaACL
_jJ-429
_9R.46092
999 _c171907
_d171907